[Event "XXII Memorial Edoardo Crespi Internazionale"]
[Site "Milano ITA"]
[Date "2001.12.03"]
[Round "1"]
[White "Paragua, Mark"]
[Black "Bonazzi, Edoardo"]
[Result "1-0"]
[WhiteElo "2447"]
[BlackElo "2110"]
[PlyCount "47"]
[EventDate "2001.12.03"]

1.e4 c5 2.Nf3 Nc6 3.Nc3 e6 4.d4 cxd4 5.Nxd4 a6 6.Be2 Qc7 7.O-O b5 8.Be3 
Bb7 9.f4 Nxd4 10.Qxd4 Rc8 11.Kh1 Nf6 12.Bf3 Bc5 13.Qd3 Bxe3 14.Qxe3 b4 15.
Na4 Qxc2 16.b3 Qc7 17.Rac1 Qb8 18.Rxc8+ Qxc8 19.Rc1 Qb8 20.Nc5 O-O 21.e5 
Bxf3 22.exf6 Bc6 23.Qg3 g6 24.Qg5 1-0

[Event "XXII Memorial Edoardo Crespi Internazionale"]
[Site "Milano ITA"]
[Date "2001.12.03"]
[Round "1"]
[White "Pienabarca, Nicola"]
[Black "Contedini, Ennio"]
[Result "1-0"]
[WhiteElo "2044"]
[BlackElo "2245"]
[PlyCount "93"]
[EventDate "2001.12.03"]

1.d4 Nf6 2.c4 d6 3.Nc3 e5 4.d5 Be7 5.e4 c6 6.Bd3 cxd5 7.cxd5 Nbd7 8.Be3 a6
9.a4 h6 10.b4 Nh7 11.Nf3 Bg5 12.Nxg5 hxg5 13.a5 Nhf8 14.Na4 Ng6 15.g3 f6 
16.Rc1 Rb8 17.Qc2 Ke7 18.Qc7 Qxc7 19.Rxc7 Kd8 20.Rc2 Ne7 21.O-O Ke8 22.
Rfc1 Kf7 23.Rc7 Rd8 24.Be2 Kg6 25.Nb6 f5 26.exf5+ Kxf5 27.Nxc8 Rbxc8 28.
Rxc8 Rxc8 29.Rxc8 Nxc8 30.h3 Nf6 31.b5 axb5 32.Bxb5 Ne7 33.f3 Nexd5 34.
Bd3+ e4 35.fxe4+ Nxe4 36.Bxg5 Ke5 37.Bc1 Nxg3 38.Bb2+ Kf4 39.Bxg7 Nb4 40.
Bb5 Nf5 41.Bf8 Na6 42.Bd7 d5 43.Bc8 Nc7 44.Bxb7 Kg3 45.Bc8 Kxh3 46.Bxf5+ 
Kh4 47.Bd6 1-0

[Event "XXII Memorial Edoardo Crespi Internazionale"]
[Site "Milano ITA"]
[Date "2001.12.03"]
[Round "1"]
[White "Scalcione, Michelangelo"]
[Black "Lamberger, Werner"]
[Result "1-0"]
[WhiteElo "2292"]
[BlackElo "2050"]
[PlyCount "93"]
[EventDate "2001.12.03"]

1.Nf3 c5 2.c4 Nc6 3.Nc3 g6 4.g3 Bg7 5.Bg2 e5 6.O-O Nge7 7.Ne1 O-O 8.Nc2 d6
9.Ne3 Rb8 10.d3 a6 11.a4 h6 12.Bd2 b5 13.axb5 axb5 14.cxb5 Nd4 15.Ra7 Bd7 
16.Nc4 Nxb5 17.Nxb5 Nc8 18.Rxd7 Qxd7 19.Nc3 Nb6 20.Nd5 Nxc4 21.dxc4 Rxb2 
22.Bxh6 Rfb8 23.Bxg7 Kxg7 24.Nc3 R8b4 25.Qd5 Qe6 26.Nb5 Rxc4 27.Nxd6 Qxd5 
28.Bxd5 Rd4 29.e4 f5 30.Nc4 Re2 31.Ne3 fxe4 32.Be6 Rb2 33.h4 Rb6 34.Bc4 
Rb2 35.Ra1 Rdd2 36.Ra7+ Kf8 37.Rf7+ Ke8 38.Rf6 Ke7 39.Ng4 Rb4 40.Re6+ Kd8 
41.Nxe5 Rd1+ 42.Kg2 Rb2 43.Ng4 Rd4 44.Ne3 Rb4 45.Rxg6 Rbxc4 46.Nxc4 Rxc4 
47.h5 1-0

[Event "XXII Memorial Edoardo Crespi Internazionale"]
[Site "Milano ITA"]
[Date "2001.12.03"]
[Round "1"]
[White "Tramalloni, Luca"]
[Black "Belotti, Bruno"]
[Result "0-1"]
[WhiteElo "2101"]
[BlackElo "2403"]
[PlyCount "64"]
[EventDate "2001.12.03"]

1.d4 Nf6 2.c4 g6 3.Nc3 Bg7 4.e4 d6 5.Be2 O-O 6.Bg5 c5 7.d5 a6 8.a4 Qa5 9.
Bd2 e6 10.Nf3 exd5 11.exd5 Bg4 12.O-O Nbd7 13.Re1 Qc7 14.h3 Bxf3 15.Bxf3 
Rae8 16.Qc2 Ne5 17.Be2 Re7 18.Bf1 Rfe8 19.f4 Ned7 20.Rxe7 Rxe7 21.Re1 Rxe1
22.Bxe1 Nh5 23.Ne2 Qd8 24.Bc3 Qe7 25.Qd3 Bxc3 26.Qxc3 Qe4 27.g3 Ndf6 28.g4
Nxf4 29.Qxf6 Qe3+ 30.Kh1 Qf3+ 31.Kh2 Qf2+ 32.Kh1 Qxf1+ 0-1

[Event "XXII Memorial Edoardo Crespi Internazionale"]
[Site "Milano ITA"]
[Date "2001.12.03"]
[Round "1"]
[White "Valenti, Giuseppe"]
[Black "Bianchi, Alberto"]
[Result "1-0"]
[WhiteElo "2206"]
[BlackElo "2037"]
[PlyCount "103"]
[EventDate "2001.12.03"]

1.e4 e5 2.Nf3 Nc6 3.Bb5 a6 4.Ba4 Nf6 5.O-O Nxe4 6.d4 b5 7.Bb3 d5 8.dxe5 
Be6 9.c3 Bc5 10.Nbd2 Bg4 11.Nxe4 dxe4 12.Qd5 Qxd5 13.Bxd5 exf3 14.Bxc6+ 
Ke7 15.Bxa8 Rxa8 16.Bg5+ Ke6 17.h3 fxg2 18.Kxg2 Bf5 19.Rad1 Be7 20.Bxe7 
Kxe7 21.Rd4 g5 22.a4 Be6 23.Ra1 Rb8 24.b4 Rb6 25.axb5 axb5 26.Ra5 Rc6 27.
Rd3 Bc4 28.Re3 Ke6 29.Kg3 Kf5 30.Ra1 h5 31.Rf3+ Kxe5 32.Re1+ Kd6 33.h4 
gxh4+ 34.Kxh4 Be6 35.Kxh5 Rc4 36.Rd1+ Ke7 37.Rd4 Rc6 38.Kg5 Ra6 39.Kf4 c5 
40.Re4 cxb4 41.Rxb4 Bc4 42.Ke5 Rd6 43.Rxc4 Re6+ 44.Kd5 bxc4 45.Re3 Kf6 46.
Rxe6+ fxe6+ 47.Kxc4 Ke5 48.Kb5 Kd6 49.c4 e5 50.Kb6 e4 51.c5+ Kd7 52.Kb7 
1-0

[Event "XXII Memorial Edoardo Crespi Internazionale"]
[Site "Milano ITA"]
[Date "2001.12.04"]
[Round "2"]
[White "Astengo, Corrado"]
[Black "Paragua, Mark"]
[Result "0-1"]
[WhiteElo "2166"]
[BlackElo "2447"]
[PlyCount "56"]
[EventDate "2001.12.03"]

1.e4 c5 2.Nf3 d6 3.d4 cxd4 4.Nxd4 Nf6 5.Nc3 a6 6.Bg5 e6 7.f4 Be7 8.Qf3 h6 
9.Bh4 Nbd7 10.O-O-O Qc7 11.Be2 b5 12.e5 Bb7 13.Qg3 dxe5 14.f5 O-O-O 15.
fxe6 Nc5 16.Bxf6 Bxf6 17.Nf5 Bg5+ 18.Kb1 b4 19.e7 Bxe7 20.Nxe7+ Qxe7 21.
Qg4+ Ne6 22.Na4 Kb8 23.Nb6 Nd4 24.Bd3 Qc7 25.Nc4 f5 26.Qg3 e4 27.Qxc7+ 
Kxc7 28.Bf1 f4 0-1

[Event "XXII Memorial Edoardo Crespi Internazionale"]
[Site "Milano ITA"]
[Date "2001.12.04"]
[Round "2"]
[White "Barlocco, Carlo"]
[Black "Astengo, Marcello"]
[Result "0-1"]
[WhiteElo "2139"]
[BlackElo "2076"]
[PlyCount "66"]
[EventDate "2001.12.03"]

1.e4 e6 2.d4 d5 3.Nc3 Nf6 4.Bg5 Bb4 5.e5 h6 6.Bd2 Bxc3 7.bxc3 Ne4 8.Qg4 
Kf8 9.h4 c5 10.Rh3 Nc6 11.Bd3 h5 12.Qf4 cxd4 13.cxd4 Nxd4 14.Bxe4 dxe4 15.
Qxe4 Qd5 16.Qd3 Nxc2+ 17.Qxc2 Qxe5+ 18.Ne2 Qxa1+ 19.Nc1 Qe5+ 20.Re3 Qf5 
21.Qc7 Kg8 22.Nd3 b6 23.Qc6 Qd5 24.Qe8+ Kh7 25.Qxf7 Qf5 26.Qe7 Qf6 27.Qc7 
Ba6 28.Bc3 Qh6 29.Rg3 Rhg8 30.Bd2 Qf6 31.Qc2 Rac8 32.Nc5+ Kh8 33.Bc3 Rxc5 
0-1

[Event "XXII Memorial Edoardo Crespi Internazionale"]
[Site "Milano ITA"]
[Date "2001.12.04"]
[Round "2"]
[White "Battistella, Stefano"]
[Black "Crippa, Gabriele"]
[Result "0-1"]
[WhiteElo "2024"]
[BlackElo "2118"]
[PlyCount "79"]
[EventDate "2001.12.03"]

1.Nf3 d5 2.b3 Bg4 3.Ne5 Bh5 4.g4 Qd6 5.d4 f6 6.Ba3 Qe6 7.gxh5 fxe5 8.Qd3 
exd4 9.Nd2 Nf6 10.Nf3 Qa6 11.Qxa6 Nxa6 12.Nxd4 e5 13.Bxf8 Rxf8 14.Ne6 Rf7 
15.Rg1 Nxh5 16.Rg5 Nf4 17.Nxg7+ Kf8 18.Nh5 Re8 19.Nxf4 Rxf4 20.e3 Rf6 21.
a3 Nc5 22.Bg2 c6 23.b4 Nd7 24.Bh3 Nb6 25.Ke2 Re7 26.Rag1 Ref7 27.R1g2 Nc4 
28.Rg8+ Ke7 29.Rb8 Kd6 30.a4 Kc7 31.Ra8 Kb6 32.a5+ Ka6 33.Rb8 Nd6 34.Ke1 
Kb5 35.c3 Kc4 36.f4 exf4 37.exf4 Rxf4 38.Rg3 Re7+ 39.Kd1 Ne4 40.Re3 0-1

[Event "XXII Memorial Edoardo Crespi Internazionale"]
[Site "Milano ITA"]
[Date "2001.12.04"]
[Round "2"]
[White "Belotti, Bruno"]
[Black "Burani, Eugenio"]
[Result "1-0"]
[WhiteElo "2403"]
[BlackElo "2093"]
[PlyCount "47"]
[EventDate "2001.12.03"]

1.Nf3 c5 2.b3 d5 3.e3 Nc6 4.Bb2 Nf6 5.Bb5 Bd7 6.O-O e6 7.d3 Qc7 8.Bxc6 
Bxc6 9.Ne5 Bd6 10.f4 O-O-O 11.Nd2 h5 12.Qe2 Ng4 13.Nxg4 hxg4 14.Qxg4 Rh6 
15.h3 Rg6 16.Qh4 Rh6 17.Qf2 Rg6 18.d4 c4 19.a4 Bb4 20.Nf3 f6 21.Ba3 Qd6 
22.Bxb4 Qxb4 23.f5 exf5 24.Ne5 1-0

[Event "XXII Memorial Edoardo Crespi Internazionale"]
[Site "Milano ITA"]
[Date "2001.12.04"]
[Round "2"]
[White "Bianchi, Alberto"]
[Black "Barberi, Alessandro"]
[Result "1-0"]
[WhiteElo "2037"]
[BlackElo "2136"]
[PlyCount "117"]
[EventDate "2001.12.03"]

1.e4 g6 2.Nc3 Bg7 3.g3 d6 4.Bg2 c6 5.Nge2 b5 6.O-O b4 7.Nb1 a5 8.d4 Ba6 9.
Re1 Nf6 10.Nd2 Nbd7 11.c4 e5 12.d5 cxd5 13.exd5 Rc8 14.b3 O-O 15.Nf1 Nc5 
16.Be3 Nfd7 17.Qd2 Re8 18.Rab1 f5 19.Bg5 Qb6 20.Red1 Rb8 21.h4 a4 22.Bh6 
Bh8 23.h5 Nf6 24.hxg6 hxg6 25.Nh2 axb3 26.axb3 Nce4 27.Bxe4 Nxe4 28.Qe3 
Qxe3 29.Bxe3 Nc3 30.Nxc3 bxc3 31.Rdc1 e4 32.Ra1 Ra8 33.Rc2 Bb7 34.Raa2 
Rxa2 35.Rxa2 Rb8 36.Ra4 Bc8 37.b4 Bd7 38.b5 Bxb5 39.Rb4 c2 40.cxb5 Kf7 41.
b6 Bf6 42.Rc4 Bd8 43.Rxc2 Bxb6 44.Rb2 Ba7 45.Rxb8 Bxb8 46.Bd4 g5 47.Nf1 
Kg6 48.Nd2 Bc7 49.Kg2 Ba5 50.Nc4 Bb4 51.Kf1 Kh5 52.Ke2 f4 53.Ba7 Kg4 54.
Bb8 fxg3 55.fxg3 Kxg3 56.Bxd6+ Bxd6 57.Nxd6 Kf4 58.Nxe4 Ke5 59.Nc3 1-0

[Event "XXII Memorial Edoardo Crespi Internazionale"]
[Site "Milano ITA"]
[Date "2001.12.04"]
[Round "2"]
[White "Contedini, Ennio"]
[Black "Zoldan, Matteo"]
[Result "1/2-1/2"]
[WhiteElo "2245"]
[BlackElo "2095"]
[PlyCount "63"]
[EventDate "2001.12.03"]

1.e4 c5 2.d4 cxd4 3.c3 dxc3 4.Nxc3 Nc6 5.Nf3 e6 6.Bc4 a6 7.O-O Nge7 8.Qe2 
Ng6 9.Rd1 Be7 10.Be3 O-O 11.Rac1 b5 12.Bd3 Bb7 13.Bb1 d6 14.g3 Qa5 15.Nd2 
Rad8 16.Nb3 Qc7 17.f4 Qb8 18.h4 Rfe8 19.Bb6 Rc8 20.Qf2 Nf8 21.h5 Nd7 22.
Be3 Nf6 23.Qe2 Qa8 24.g4 Nd7 25.g5 b4 26.Na4 Ncb8 27.Qd3 Bc6 28.e5 g6 29.
exd6 Bxa4 30.Rxc8 Rxc8 31.dxe7 Qf3 32.hxg6 1/2-1/2

[Event "XXII Memorial Edoardo Crespi Internazionale"]
[Site "Milano ITA"]
[Date "2001.12.04"]
[Round "2"]
[White "Drazic, Sinisa"]
[Black "Valenti, Giuseppe"]
[Result "1-0"]
[WhiteElo "2471"]
[BlackElo "2206"]
[PlyCount "67"]
[EventDate "2001.12.03"]

1.d4 Nf6 2.Nf3 e6 3.Bf4 Be7 4.h3 b6 5.e3 Bb7 6.Be2 O-O 7.O-O d6 8.a4 a6 9.
Nbd2 Nbd7 10.c3 Re8 11.Bh2 Bf8 12.b4 Ne4 13.Nxe4 Bxe4 14.Nd2 Bb7 15.Qb1 
Qg5 16.Bf3 Bxf3 17.Nxf3 Qg6 18.Qb3 Qe4 19.Rfd1 Nf6 20.c4 Rec8 21.a5 Qb7 
22.Rdb1 Ne4 23.Qd3 f5 24.d5 e5 25.g4 fxg4 26.hxg4 Nf6 27.Qf5 Re8 28.g5 Nh5
29.g6 hxg6 30.Qxg6 Nf6 31.Ng5 Re7 32.Kh1 b5 33.e4 bxc4 34.Ra3 1-0

[Event "XXII Memorial Edoardo Crespi Internazionale"]
[Site "Milano ITA"]
[Date "2001.12.04"]
[Round "2"]
[White "Iudicello, Giovanni"]
[Black "Laketic, Gojko"]
[Result "1/2-1/2"]
[WhiteElo "2160"]
[BlackElo "2452"]
[PlyCount "69"]
[EventDate "2001.12.03"]

1.e4 Nf6 2.e5 Nd5 3.d4 d6 4.Nf3 Bg4 5.Be2 c6 6.h3 Bxf3 7.Bxf3 dxe5 8.dxe5 
e6 9.O-O Nd7 10.Qe2 Qc7 11.Re1 Bc5 12.c3 a5 13.Bxd5 cxd5 14.a4 O-O 15.Na3 
Bxa3 16.Rxa3 Qc4 17.Qxc4 dxc4 18.Re4 Nc5 19.Rxc4 Nd3 20.Be3 Nxb2 21.Rc7 
Rfc8 22.Rxb7 Nc4 23.Rab3 Nxe5 24.Bd4 Nc6 25.R3b5 Nxd4 26.cxd4 g6 27.d5 
exd5 28.Rxd5 Rc1+ 29.Kh2 Rc2 30.Kg3 Ra6 31.Rbb5 Rf6 32.f3 Re6 33.Re5 Rd6 
34.Red5 Re6 35.Re5 1/2-1/2

[Event "XXII Memorial Edoardo Crespi Internazionale"]
[Site "Milano ITA"]
[Date "2001.12.04"]
[Round "2"]
[White "Lamberger, Werner"]
[Black "Dalimeg, Alfredo"]
[Result "0-1"]
[WhiteElo "2050"]
[BlackElo "2141"]
[PlyCount "70"]
[EventDate "2001.12.03"]

1.c4 Nf6 2.Nc3 c5 3.g3 g6 4.Bg2 Bg7 5.e4 d6 6.Nge2 Nc6 7.a3 O-O 8.Rb1 Ne5 
9.d3 Bg4 10.h3 Bf3 11.Bxf3 Nxf3+ 12.Kf1 Nd7 13.Kg2 Nde5 14.Nd5 e6 15.Ne3 
f5 16.exf5 gxf5 17.Nc2 Qe8 18.d4 cxd4 19.Ncxd4 Nxd4 20.Nxd4 Nxc4 21.Re1 
Bxd4 22.Qxd4 Qc6+ 23.Kf1 Ne5 24.Rd1 Qh1+ 25.Ke2 Qf3+ 26.Kf1 Rac8 27.Bd2 
Rc4 28.Qxd6 Qh1+ 29.Ke2 Re4+ 30.Be3 Qf3+ 31.Ke1 Nc4 32.Qc5 Nxe3 33.fxe3 
Rxe3+ 34.Kd2 Rd8+ 35.Kc2 Qe2+ 0-1

[Event "XXII Memorial Edoardo Crespi Internazionale"]
[Site "Milano ITA"]
[Date "2001.12.04"]
[Round "2"]
[White "Lazic, Miroljub"]
[Black "Lapiccirella, Mattia"]
[Result "1-0"]
[WhiteElo "2449"]
[BlackElo "2164"]
[PlyCount "85"]
[EventDate "2001.12.03"]

1.g3 c5 2.Bg2 Nc6 3.Nf3 e6 4.O-O Nf6 5.d3 Be7 6.e4 Qc7 7.Re1 d6 8.c3 O-O 
9.a3 Ne5 10.d4 Nxf3+ 11.Qxf3 e5 12.dxe5 dxe5 13.c4 Bg4 14.Qe3 Be6 15.Qe2 
Ne8 16.Nc3 Nd6 17.b3 Bf6 18.Bb2 Rfe8 19.Rad1 b5 20.Nd5 Bxd5 21.Rxd5 bxc4 
22.Red1 Rad8 23.f4 Nb7 24.bxc4 Rxd5 25.Rxd5 Nd8 26.Bh3 exf4 27.Bxf6 gxf6 
28.Qg4+ Kf8 29.Qxf4 Qxf4 30.gxf4 Ne6 31.Bf5 h6 32.Kf1 Re7 33.a4 Nxf4 34.
Rxc5 Ne6 35.Rc8+ Kg7 36.c5 Nd4 37.Bh3 Nf3 38.c6 Nd2+ 39.Kg1 Nxe4 40.c7 Nd6
41.Rd8 Rxc7 42.Rxd6 Kg6 43.Rd7 1-0

[Event "XXII Memorial Edoardo Crespi Internazionale"]
[Site "Milano ITA"]
[Date "2001.12.04"]
[Round "2"]
[White "Maksimenko, Andrei"]
[Black "Scalcione, Michelangelo"]
[Result "1-0"]
[WhiteElo "2495"]
[BlackElo "2292"]
[PlyCount "101"]
[EventDate "2001.12.03"]

1.d4 Nf6 2.c4 g6 3.Nc3 Bg7 4.e4 d6 5.f4 Bg4 6.Nf3 Bxf3 7.Qxf3 Nc6 8.d5 Nd4
9.Qd1 c5 10.Be3 Qb6 11.Rb1 Ng4 12.Bd2 f5 13.Qa4+ Kf7 14.Bd3 Rhf8 15.h3 Nf6
16.exf5 gxf5 17.O-O Qd8 18.Rbe1 Kg8 19.Qd1 Qd7 20.Re3 Kh8 21.Kh2 Rf7 22.
Rg1 Bh6 23.Ree1 Rg8 24.Ne2 b5 25.b3 bxc4 26.bxc4 Rg6 27.Nxd4 cxd4 28.g4 
Ne4 29.Bxe4 fxe4 30.Rxe4 e5 31.dxe6 Rxe6 32.Rxd4 Rfe7 33.Rd5 Re4 34.Bc3+ 
Kg8 35.g5 Re2+ 36.Rg2 R7e3 37.f5 Rxg2+ 38.Kxg2 Rxc3 39.gxh6 Rxc4 40.Qd3 
Qc6 41.Qg3+ Kf7 42.Qg7+ Ke8 43.Qg8+ Kd7 44.Qe6+ Kc7 45.Qe7+ Kc8 46.Qxd6 
Rc2+ 47.Kf3 Rc3+ 48.Kg4 Qc4+ 49.Kg5 Rg3+ 50.Kf6 Qh4+ 51.Kf7 1-0

[Event "XXII Memorial Edoardo Crespi Internazionale"]
[Site "Milano ITA"]
[Date "2001.12.04"]
[Round "2"]
[White "Pienabarca, Nicola"]
[Black "Lanzani, Mario"]
[Result "0-1"]
[WhiteElo "2044"]
[BlackElo "2378"]
[PlyCount "122"]
[EventDate "2001.12.03"]

1.d4 e6 2.c4 Nf6 3.Nc3 Bb4 4.Qc2 O-O 5.a3 Bxc3+ 6.Qxc3 b6 7.Bg5 Bb7 8.e3 
h6 9.Bh4 d6 10.f3 Nbd7 11.Bd3 Rc8 12.Ne2 c5 13.Qb3 d5 14.cxd5 Bxd5 15.Qd1 
cxd4 16.Nxd4 Ne5 17.Ba6 Bc4 18.Bxc4 Rxc4 19.Qe2 Rxd4 20.exd4 Qxd4 21.Bxf6 
Nd3+ 22.Kd2 Ne5+ 23.Ke1 gxf6 24.Rd1 Qc5 25.Qd2 Nc4 26.Qd4 Qb5 27.Kf2 Nxb2 
28.Rb1 Qc5 29.Qxc5 Nd3+ 30.Ke3 Nxc5 31.Rhd1 f5 32.g4 fxg4 33.fxg4 Kg7 34.
Rb4 Rc8 35.a4 Na6 36.Rf4 Nc7 37.Rfd4 Nd5+ 38.Kd2 Kf6 39.Rc1 Rg8 40.h3 h5 
41.Rf1+ Ke5 42.Rxd5+ Kxd5 43.Rxf7 hxg4 44.hxg4 a5 45.Rf4 e5 46.Rf6 Rxg4 
47.Rxb6 Rxa4 48.Kc3 Rc4+ 49.Kd3 e4+ 50.Kd2 Kd4 51.Rd6+ Kc5 52.Re6 Kb4 53.
Rb6+ Ka3 54.Rb8 a4 55.Rb7 Rb4 56.Rc7 Rb6 57.Re7 Kb2 58.Rc7 e3+ 59.Kxe3 a3 
60.Kd3 a2 61.Rc3 Kb1 0-1

[Event "XXII Memorial Edoardo Crespi Internazionale"]
[Site "Milano ITA"]
[Date "2001.12.04"]
[Round "2"]
[White "Qendro, Llambi"]
[Black "Cebalo, Miso"]
[Result "1/2-1/2"]
[WhiteElo "2333"]
[BlackElo "2492"]
[PlyCount "76"]
[EventDate "2001.12.03"]

1.d4 Nf6 2.c4 c5 3.d5 e6 4.Nc3 exd5 5.cxd5 d6 6.e4 g6 7.h3 Bg7 8.Nf3 O-O 
9.Bd3 a6 10.a4 Re8 11.O-O c4 12.Bxc4 Nxe4 13.Nxe4 Rxe4 14.Bd3 Re8 15.Re1 
Rxe1+ 16.Qxe1 Nd7 17.Bg5 Bf6 18.Qe3 Bxg5 19.Nxg5 Nf6 20.Qd4 Bd7 21.Rc1 Rc8
22.Rxc8 Bxc8 23.a5 Bd7 24.b4 Ba4 25.f4 Qe7 26.Kh2 Bb3 27.Ne4 Nxe4 28.Bxe4 
Ba4 29.Bf3 Bb5 30.Qd2 Qf6 31.g3 h6 32.Bg2 g5 33.fxg5 hxg5 34.Qe1 Kf8 35.h4
gxh4 36.gxh4 Qd4 37.Qg3 Qf6 38.Qg5 Qxg5 1/2-1/2

[Event "XXII Memorial Edoardo Crespi Internazionale"]
[Site "Milano ITA"]
[Date "2001.12.04"]
[Round "2"]
[White "Rettore, Ludwig"]
[Black "Podini, Francesco"]
[Result "1-0"]
[WhiteElo "2141"]
[BlackElo "2085"]
[PlyCount "105"]
[EventDate "2001.12.03"]

1.e4 c5 2.Nf3 e6 3.d4 cxd4 4.Nxd4 Nf6 5.Nc3 d6 6.Be2 Be7 7.O-O O-O 8.Be3 
Nc6 9.f4 e5 10.Nb3 exf4 11.Bxf4 Be6 12.Kh1 d5 13.exd5 Nxd5 14.Nxd5 Bxd5 
15.Bf3 Bc4 16.Qxd8 Raxd8 17.Rfd1 Rxd1+ 18.Rxd1 Rd8 19.Rxd8+ Nxd8 20.Na5 
Bxa2 21.Nxb7 Ne6 22.Be3 a6 23.b3 Bb1 24.Be4 Nc7 25.Nc5 Bxc5 26.Bxc5 Nb5 
27.Bd3 Nc3 28.Bxa6 Bxc2 29.b4 Ba4 30.Kg1 Bc6 31.g3 Nb5 32.Bc8 g6 33.Kf2 
Kg7 34.Ke3 Kf6 35.Kf4 Nc7 36.Bd4+ Ke7 37.Kg5 h5 38.Bc5+ Ke8 39.Kf6 Bd5 40.
Ke5 Bc4 41.Kd6 Nb5+ 42.Kc6 Nc3 43.Bd7+ Kd8 44.Bb6+ Ke7 45.Kc5 Be2 46.Bc6 
g5 47.Bc7 f5 48.b5 Bxb5 49.Bxb5 Ne4+ 50.Kd4 Kf6 51.Bd8+ Kg6 52.Ke5 h4 53.
g4 1-0

[Event "XXII Memorial Edoardo Crespi Internazionale"]
[Site "Milano ITA"]
[Date "2001.12.05"]
[Round "3"]
[White "Astengo, Marcello"]
[Black "Iudicello, Giovanni"]
[Result "0-1"]
[WhiteElo "2076"]
[BlackElo "2160"]
[PlyCount "70"]
[EventDate "2001.12.03"]

1.d4 Nf6 2.c4 g6 3.d5 Bg7 4.Nc3 d6 5.e4 e5 6.Be2 Bd7 7.Bg5 h6 8.Be3 Na6 9.
f3 O-O 10.Bd3 Nc5 11.Nge2 Ne8 12.Ng3 Nxd3+ 13.Qxd3 f5 14.exf5 gxf5 15.Bf2 
Qg5 16.O-O h5 17.Kh1 h4 18.Nge2 Nf6 19.f4 exf4 20.Qh3 Nh5 21.Bxh4 Qh6 22.
Qd3 Rae8 23.Bf2 Be5 24.Rae1 Re7 25.Kg1 Rh7 26.Bd4 Nf6 27.h3 Rg7 28.Rf3 Qg5
29.Rf2 Ne4 30.Nxe4 fxe4 31.Qxe4 Bxh3 32.c5 f3 33.Be3 Qh5 34.Nf4 Rxf4 35.
Bxf4 Bxg2 0-1

[Event "XXII Memorial Edoardo Crespi Internazionale"]
[Site "Milano ITA"]
[Date "2001.12.05"]
[Round "3"]
[White "Barberi, Alessandro"]
[Black "Lamberger, Werner"]
[Result "1-0"]
[WhiteElo "2136"]
[BlackElo "2050"]
[PlyCount "81"]
[EventDate "2001.12.03"]

1.d4 Nf6 2.c4 g6 3.Nc3 Bg7 4.e4 d6 5.g3 O-O 6.Bg2 Na6 7.Nge2 c5 8.O-O Bg4 
9.f3 Bd7 10.Be3 Rb8 11.Qd2 e5 12.dxe5 dxe5 13.Bg5 Be6 14.Nd5 Bxd5 15.exd5 
Qd7 16.f4 e4 17.Nc3 e3 18.Qxe3 Ng4 19.Qe7 Bd4+ 20.Kh1 Qxe7 21.Bxe7 Rfe8 
22.d6 Nb4 23.f5 Kg7 24.h3 Nf6 25.fxg6 hxg6 26.Nb5 Nh5 27.Rf3 Nc6 28.Raf1 
Be5 29.Rxf7+ Kh8 30.Re1 Bxg3 31.Re3 Ne5 32.Bd5 Nxf7 33.Bxf7 Red8 34.Bxg6 
Bf4 35.Rf3 Ng3+ 36.Kg2 Ne2 37.Kf2 Be5 38.Kxe2 Rg8 39.Be4 a6 40.Nc3 Rbe8 
41.Rf5 1-0

[Event "XXII Memorial Edoardo Crespi Internazionale"]
[Site "Milano ITA"]
[Date "2001.12.05"]
[Round "3"]
[White "Belotti, Bruno"]
[Black "Drazic, Sinisa"]
[Result "0-1"]
[WhiteElo "2403"]
[BlackElo "2471"]
[PlyCount "80"]
[EventDate "2001.12.03"]

1.Nf3 g6 2.d4 Bg7 3.c4 d6 4.Nc3 Nf6 5.e4 O-O 6.Be2 c5 7.d5 a6 8.O-O b5 9.
cxb5 axb5 10.Bxb5 Ba6 11.Re1 Ng4 12.Bxa6 Nxa6 13.Bf4 c4 14.h3 Nxf2 15.Kxf2
Qb6+ 16.Kg3 Qxb2 17.Na4 Qxa1 18.Qxa1 Bxa1 19.Rxa1 Rfb8 20.Be3 Nb4 21.Nb6 
Nc2 22.Nxa8 Rxa8 23.Re1 Nxe1 24.Nxe1 Rxa2 25.Kf3 f5 26.exf5 gxf5 27.g4 Rh2
28.gxf5 Rxh3+ 29.Ke4 Rh4+ 30.Kf3 Rh3+ 31.Kf4 Rh4+ 32.Kf3 Kf7 33.Ng2 Rh1 
34.Bg5 h6 35.Be3 c3 36.Nf4 c2 37.Ne2 h5 38.Ke4 Rd1 39.Bg5 Rf1 40.Bf4 h4 
0-1

[Event "XXII Memorial Edoardo Crespi Internazionale"]
[Site "Milano ITA"]
[Date "2001.12.05"]
[Round "3"]
[White "Burani, Eugenio"]
[Black "Astengo, Corrado"]
[Result "0-1"]
[WhiteElo "2093"]
[BlackElo "2166"]
[PlyCount "40"]
[EventDate "2001.12.03"]

1.e4 c5 2.Nf3 d6 3.d4 cxd4 4.Nxd4 Nf6 5.Nc3 a6 6.f4 e6 7.Be2 Be7 8.O-O Qc7
9.Kh1 b5 10.Bf3 Bb7 11.Be3 Nbd7 12.e5 dxe5 13.fxe5 Nxe5 14.Bf4 Nfd7 15.Re1
Bxf3 16.Nxf3 f6 17.Qe2 O-O 18.Nxe5 fxe5 19.Bxe5 Nxe5 20.Qxe5 Rf1+ 0-1

[Event "XXII Memorial Edoardo Crespi Internazionale"]
[Site "Milano ITA"]
[Date "2001.12.05"]
[Round "3"]
[White "Cavatorta, Fosco"]
[Black "Rettore, Ludwig"]
[Result "0-1"]
[WhiteElo "2011"]
[BlackElo "2141"]
[PlyCount "118"]
[EventDate "2001.12.03"]

1.Nf3 d5 2.g3 c6 3.Bg2 Bg4 4.O-O Nd7 5.d3 e6 6.e4 Bd6 7.Re1 Ne7 8.Nbd2 O-O
9.h3 Bh5 10.c4 Rc8 11.Nf1 Bb8 12.b3 d4 13.Ba3 c5 14.Qd2 Nc6 15.N3h2 Qa5 
16.Qxa5 Nxa5 17.f4 f6 18.b4 Nc6 19.bxc5 e5 20.f5 a6 21.Rab1 Rc7 22.Nd2 Ba7
23.Rb2 Bxc5 24.Bxc5 Nxc5 25.Bf1 Nb8 26.Reb1 Nbd7 27.Rb4 a5 28.Rb5 a4 29.
Kf2 Ra8 30.Be2 Bxe2 31.Kxe2 a3 32.R1b4 Na4 33.Nb1 b6 34.Kd2 Ndc5 35.Nf3 
Rc6 36.Ne1 Kf8 37.Nc2 Nb2 38.Rxb6 Rxb6 39.Rxb6 Nxe4+ 40.Ke2 Nxg3+ 41.Kf3 
Nxf5 42.Ke4 Ng3+ 43.Kf3 Nh5 44.Ke4 Nf4 45.Nxd4 Nbxd3 46.Ne6+ Nxe6 47.Kxd3 
Nf4+ 48.Ke4 Nxh3 49.c5 Nf4 50.Nc3 Rc8 51.c6 Ke7 52.Nb5 Ne6 53.Rb7+ Kf8 54.
Na7 Rd8 55.c7 Nc5+ 56.Kf5 Nxb7 57.cxd8=Q+ Nxd8 58.Nb5 Nc6 59.Nxa3 Nb4 0-1

[Event "XXII Memorial Edoardo Crespi Internazionale"]
[Site "Milano ITA"]
[Date "2001.12.05"]
[Round "3"]
[White "Cebalo, Miso"]
[Black "Isonzo, David"]
[Result "0-1"]
[WhiteElo "2492"]
[BlackElo "2343"]
[PlyCount "122"]
[EventDate "2001.12.03"]

1.d4 Nf6 2.c4 e6 3.Nf3 d5 4.Nc3 dxc4 5.Qa4+ c6 6.Qxc4 b5 7.Qd3 a6 8.e4 c5 
9.dxc5 Qxd3 10.Bxd3 Bxc5 11.e5 Nfd7 12.Ne4 Nc6 13.Bf4 Nb4 14.Bb1 Bb7 15.
O-O Rc8 16.a4 Nd5 17.Bd2 b4 18.a5 Be7 19.Re1 Nc5 20.Nxc5 Bxc5 21.Be4 h6 
22.Rac1 Kd7 23.b3 Be7 24.Rc4 Ba8 25.Bxd5 Bxd5 26.Rf4 g5 27.Rxf7 Ke8 28.
Rxe7+ Kxe7 29.Bxb4+ Kd7 30.Nd4 Rc7 31.f3 Rb7 32.Bc5 Bxb3 33.Nxb3 Rxb3 34.
Rd1+ Kc6 35.Bb6 Kb5 36.Rd2 Rf8 37.h3 Rf5 38.Bc7 Rc3 39.Rd7 Rf4 40.Bb6 Rc2 
41.Bd8 Ra4 42.Rb7+ Kc4 43.h4 gxh4 44.Kh2 Raa2 45.Rg7 Kd5 46.Bc7 Ra1 47.Bd8
Kxe5 48.Rg6 Raa2 49.Kh3 Kf5 50.Rg7 Ke5 51.Rg6 Rc8 52.Bb6 Kf5 53.Rg4 Rcc2 
54.Rg8 e5 55.Rf8+ Ke6 56.Rg8 Re2 57.Bd8 e4 58.fxe4 Rxe4 59.Rg6+ Kd7 60.
Bxh4 Re6 61.Bf6 Ke8 0-1

[Event "XXII Memorial Edoardo Crespi Internazionale"]
[Site "Milano ITA"]
[Date "2001.12.05"]
[Round "3"]
[White "Crippa, Gabriele"]
[Black "De Santis, Alessio"]
[Result "0-1"]
[WhiteElo "2118"]
[BlackElo "2345"]
[PlyCount "78"]
[EventDate "2001.12.03"]

1.d4 d6 2.Bf4 g6 3.c3 Bg7 4.Nf3 Nf6 5.h3 b6 6.e3 Bb7 7.Nbd2 O-O 8.Be2 Nbd7
9.O-O a5 10.Qc2 c5 11.Rad1 Ra7 12.Bg5 h6 13.Bh4 Qa8 14.Bb5 Rd8 15.Rfe1 g5 
16.Bg3 Nf8 17.Bd3 a4 18.a3 Ne6 19.Rc1 Bc6 20.Qd1 b5 21.e4 Nf8 22.d5 Bd7 
23.Qe2 Nh5 24.Bb1 Nxg3 25.fxg3 b4 26.Nf1 bxa3 27.bxa3 Rb7 28.Qd3 c4 29.
Qxc4 Rc8 30.Qa2 Bxc3 31.Rxc3 Rxc3 32.Qd2 Rcb3 33.Bc2 Rb2 34.e5 Qa7+ 35.Kh2
Bf5 36.Ne3 Bxc2 37.Nxc2 Qc5 38.Nfd4 Qxd5 39.exd6 e5 0-1

[Event "XXII Memorial Edoardo Crespi Internazionale"]
[Site "Milano ITA"]
[Date "2001.12.05"]
[Round "3"]
[White "Godena, Michele"]
[Black "Qendro, Llambi"]
[Result "1/2-1/2"]
[WhiteElo "2496"]
[BlackElo "2333"]
[PlyCount "115"]
[EventDate "2001.12.03"]

1.e4 g6 2.d4 Bg7 3.Nf3 c6 4.h3 d6 5.Bd3 Nf6 6.O-O O-O 7.Re1 Qc7 8.c3 e5 9.
Bg5 h6 10.Be3 Be6 11.Nbd2 Nbd7 12.Qc2 Nh5 13.Rad1 Rae8 14.dxe5 dxe5 15.Bc4
Nb6 16.Bxe6 Rxe6 17.b4 Rd8 18.a4 Ree8 19.a5 Nc8 20.Nc4 Nf4 21.Rxd8 Rxd8 
22.Rd1 Rxd1+ 23.Qxd1 Ne6 24.h4 b5 25.axb6 axb6 26.h5 g5 27.Nh2 b5 28.Na5 
c5 29.Ng4 cxb4 30.cxb4 Nd4 31.Qd3 Qd7 32.Bxd4 exd4 33.f3 Nd6 34.Nb3 Nc4 
35.Nc5 Qa7 36.Qb1 Qa3 37.Nd3 Nd2 38.Qc2 Qc3 39.Qxc3 dxc3 40.Ne1 Nb3 41.Nc2
Nd4 42.Nge3 g4 43.Kf2 gxf3 44.gxf3 f5 45.Nxd4 Bxd4 46.Ke2 fxe4 47.fxe4 Kf7
48.Nd5 Ke6 49.Kd3 Ke5 50.Nc7 c2 51.Kxc2 Kxe4 52.Nxb5 Bg1 53.Nd6+ Kf4 54.
Kd3 Kg5 55.Ke4 Kxh5 56.Kf5 Kh4 57.Kg6 h5 58.Nf5+ 1/2-1/2